INTRODUCTION TO JURISPRUDENCE (Record no. 11030)

MARC details
000 -LEADER
fixed length control field 00340nam a22001577a 4500
003 - CONTROL NUMBER IDENTIFIER
control field SGT
020 ## - INTERNATIONAL STANDARD BOOK NUMBER
International Standard Book Number 9788180388927
082 ## - DEWEY DECIMAL CLASSIFICATION NUMBER
Classification number 340,SIN
100 ## - MAIN ENTRY--PERSONAL NAME
Personal name SINGH,AVTAR
245 ## - TITLE STATEMENT
Title INTRODUCTION TO JURISPRUDENCE
250 ## - EDITION STATEMENT
Edition statement 4TH
260 ## - PUBLICATION, DISTRIBUTION, ETC. (IMPRINT)
Place of publication, distribution, etc GURGAON
Name of publisher, distributor, etc LEXIS NEXIS
Year of Publication 2015
300 ## - PAGE DESCRIPTION
No. of Pages 463
650 ## - SUBJECT ADDED ENTRY--TOPICAL TERM
Topical term or geographic name as entry element JURISPRUDENCE
942 ## - ADDED ENTRY ELEMENTS (KOHA)
Source of classification or shelving scheme Dewey Decimal Classification
Koha item type Books
942 ## - ADDED ENTRY ELEMENTS (KOHA)
-- 3
Holdings
Withdrawn status Lost status Source of classification or shelving scheme Damaged status Not for loan Collection code Home library Current library Shelving location Date acquired Vendor Name Cost, normal purchase price SGTU Bill Number Total Checkouts Total Renewals Full call number Accession No. (Barcode) Date last seen Date last borrowed Bill Date Koha item type
  Lost and Paid For Dewey Decimal Classification     LAW SGT Science & Social Sciences Library SGT Science & Social Sciences Library Text Book 27/02/2017 COMMERICAL BOOK HOUSE 450.00 SGTU 145 4 1 340,SIN FL1272 23/12/2017 25/11/2017 20/04/2016 Books
    Dewey Decimal Classification     LAW SGT Science & Social Sciences Library SGT Science & Social Sciences Library Text Book 27/02/2017 COMMERICAL BOOK HOUSE 450.00 SGTU 145 4   340,SIN FL1273 27/03/2026 11/03/2026 20/04/2016 Books
  Lost and Paid For Dewey Decimal Classification     LAW SGT Science & Social Sciences Library SGT Science & Social Sciences Library Text Book 27/02/2017 COMMERICAL BOOK HOUSE 450.00 SGTU 145 3   340,SIN FL1274 26/10/2017 12/10/2017 20/04/2016 Books
    Dewey Decimal Classification     LAW SGT Science & Social Sciences Library SGT Science & Social Sciences Library Text Book 27/02/2017 COMMERICAL BOOK HOUSE 450.00 SGTU 145 13 2 340,SIN FL1275 09/04/2026 24/03/2026 20/04/2016 Books
  Lost and Paid For Dewey Decimal Classification     LAW SGT Science & Social Sciences Library SGT Science & Social Sciences Library Text Book 27/02/2017 COMMERICAL BOOK HOUSE 450.00 SGTU 145 2   340,SIN FL1276 29/12/2017 14/12/2017 20/04/2016 Books